| 000 | 00000nas 2200000za 4500 |
| 001 | 9.500304 |
| 003 | CaOODSP |
| 005 | 20250403104643 |
| 007 | cr ||||||||||| |
| 008 | 150406d20012007oncar p oss f0 b0fre|d |
| 022 | |y1492-4056|y1912-9998 |
| 040 | |aCaOODSP|bfre |
| 041 | |aeng|afre |
| 043 | |an-cn--- |
| 086 | 1 |aCS13-213-PDF |
| 245 | 00|aProvincial economic accounts. |pEstimates, tables and analytical document |h[ressource électronique] = |bComptes économiques provinciaux. Estimations ... tableaux et document analytique. |
| 246 | 11|aComptes économiques provinciaux. |pEstimations ... tableaux et document analytique |
| 260 | |aOttawa : |bStatistics Canada = Statistique Canada, |c2002-2008. |
| 310 | |aAnnuel |
| 362 | 0 |a2001-2007. |
| 520 | 3 |aPrésente une perspective régionale sur la conjoncture économique au Canada. L’accent est mis sur le produit intérieur brut de chaque région, la demande intérieure finale, le revenu personnel disponible et les comptes du secteur des administrations publiques. |
| 546 | |aTexte en anglais et en français. |
| 692 | 07|2gccst|aConditions économiques |
| 710 | 2 |aStatistique Canada. |
| 780 | 00|tProvincial economic accounts. |w(CaOODSP)9.843174 |
| 791 | |tProvincial economic accounts. |eeng|w(CaOODSP)9.500303 |